000 00853nam a2200229 a 4500
001 44009
003 BD-RjUL
005 20211209053802.0
008 160712s1957 bg a|||| |||| 00| p ben d
020 _c: IRs. 3.50
035 _a(BD-RjUL)44127
040 _aBD-RjUL
_bben
_cBD-RjUL
041 _aben
082 _223
_a891.443
_bSHK 1957
100 _aশামসুদদীন, আবুল কালাম
_9135181
245 1 0 _aকাশ বনের কন্যা /
_cআবুল কালাম শামসুদদীন
260 _aঢাকা :
_bওসমানিয়া বুক ডিপো,
_c১৯৫৭ (১৩৬৪)
300 _a[১৬], ২৯২ পৃ. :
_bচিত্র ;
_c১৭ সেমি.
650 _aবাংলা উপন্যাস
_9135182
650 _aBengali Fiction
_9135183
942 _2ddc
_cBK
999 _c44009
_d44009